Vegetarain Cuisine from the Himalayan Foothills: (Record no. 182948)

MARC details
000 -LEADER
fixed length control field 00583 a2200181 4500
005 - DATE AND TIME OF LATEST TRANSACTION
control field 20211210160848.0
010 ## - LCCN (DPL NO)
LC control number ENG-130285
020 ## - INTERNATIONAL STANDARD BOOK NUMBER
Terms of availability 750.00
International Standard Book Number 978-93-89136-75-3
035 ## - SYSTEM CONTROL NUMBER
System control number EN-113817
037 ## - SOURCE OF ACQUISITION
Source of stock number/acquisition DBAD / PUB
082 ## - DEWEY DECIMAL CLASSIFICATION NUMBER
Classification number 641.5636
100 ## - MAIN ENTRY--PERSONAL NAME
Personal name Sharma, Veena
245 ## - TITLE STATEMENT
Title Vegetarain Cuisine from the Himalayan Foothills:
Statement of responsibility, etc Veena Sharma
260 ## - PUBLICATION, DISTRIBUTION, ETC. (IMPRINT)
Name of publisher, distributor, etc Niyogi Books
Date of publication, distribution, etc 2021
Place of publication, distribution, etc New Delhi
270 ## - ADDRESS
Electronic mail address niyogibooks@gmail.com
Address D-78, Okhla Industrial Area, Phase-I
City New Delhi
Postal code 110020
300 ## - PHYSICAL DESCRIPTION
Extent 152p.
Dimensions 21cm (pbk)
942 ## - ADDED ENTRY ELEMENTS (KOHA)
Institution code [OBSOLETE] dpl
Item type English Books
Source of classification or shelving scheme Dewey Decimal Classification
Classification part 641.5636
Call number suffix SHA
Holdings
Withdrawn status Lost status Not for loan Collection code Home library Current library Date acquired Source of acquisition Cost, normal purchase price Full call number Barcode Copy number Cost, replacement price Koha item type
      Non-fiction Shahdara Branch Shahdara Branch 10/12/2021 DBAD/PUB 750.00 641.5636 SHA EN-113817 1 750.00 English Books

© Delhi Public Library
Hit Counter
free hit counter